|
|
|
|
| LEADER |
01156nam a2200277 u 4500 |
| 001 |
10008495 |
| 003 |
GR-PaULI |
| 005 |
20240916092540.0 |
| 008 |
881025s1990 gw lat |
| 952 |
|
|
|0 0
|1 0
|2 ddc
|4 0
|6 Π_Σ_937_060000000000000_ΨΕΛ
|7 0
|9 229114
|a LISP
|b LISP
|c REF
|d 2019-01-16
|i 1688
|l 0
|o Π/Σ 937.06 ΨΕΛ
|p 025000101086
|r 2019-01-16 00:00:00
|t 1
|v 2019.00
|w 2019-01-16
|y BKN
|
| 999 |
|
|
|c 139081
|d 139081
|
| 020 |
|
|
|a 0899253008 (U.S.)
|
| 040 |
|
|
|a GR-PaULI
|c GR-PaULI
|b gre
|e AACR2
|
| 082 |
0 |
4 |
|a 937.06
|2 23
|
| 100 |
1 |
|
|a Ψελλός, Μιχαήλ,
|d 1018-π. 1096
|e συγγραφέας.
|9 1732
|
| 245 |
1 |
0 |
|a Michaelis Pselli Historia syntomos /
|b
|c recensuit, Anglice vertit et commentario instruxit W.J. Aerts.
|
| 250 |
|
|
|a Editio princeps.
|
| 260 |
|
|
|a Berolini ;
|a Novi Eboraci :
|b de Gruyter,
|c 1990.
|
| 300 |
|
|
|a xxx, 235, [2] σ. ;
|c 23 εκ.
|
| 490 |
1 |
|
|a Corpus fontium historiae Byzantinae
|v 30.
|
| 500 |
|
|
|a
|
| 505 |
1 |
|
|a
|
| 651 |
|
4 |
|a Ρώμη
|x Ιστορία
|y Αυτοκρατορία, 30 π.Χ.-476 μ.Χ.
|9 4719
|
| 830 |
|
0 |
|a Corpus fontium historiae Byzantinae
|v 30.
|9 170653
|
| 942 |
|
|
|2 ddc
|c BKN
|
| 998 |
|
|
|c ΜΠΟΥΡΑΣ
|d 2019-01
|